Sources of Faulkner's Titles Quiz Stats

 Plays Quiz Updated Sep 25, 2018

Score 0/6 Timer 03:00
1 Play Today
% Correct
The Bible, Psalms
71.3%
William Shakespeare's Macbeth
71.1%
African American Spiritual
70.4%
Lincoln's Gettysburg Address
70.1%
The Bible, Samuel
62.6%
Homer's Odyssey
51.5%

You're not logged in!

Compare scores with friends on all Sporcle quizzes.
OR
Log In

Show Comments

Extras

Top Quizzes Today


Score Distribution

Your Account Isn't Verified!

In order to create a playlist on Sporcle, you need to verify the email address you used during registration. Go to your Sporcle Settings to finish the process.

Report this User

Report this user for behavior that violates our Community Guidelines.

Details: